000 00532nam a2200121Ia 4500
008 171212s9999 xx 000 0 und d
020 _a9780833094742
100 _aSchwartz, Heather L.;Ramchand, Rajeev;Barnes-Proby, Dionne;Grant, Sean;Jackson, Brian A.
245 _cSchwartz, Heather L.;Ramchand, Rajeev;Barnes-Proby, Dionne;Grant, Sean;Jackson, Brian A.
_aThe Role of Technology in Improving K-12 School Safety
260 _bRAND Corporation
_c2016
650 _aEducation
856 _uhttp://jstor.org/stable/10.7249/j.ctt1btc150
999 _c352716
_d352716